[Event "20th Dubai Open 2018"]
[Site "Dubai UAE"]
[Date "2018.04.07"]
[Round "6.14"]
[White "Harsha, Bharathakoti"]
[Black "Volkov, Sergey"]
[Result "1-0"]
[WhiteTitle "IM"]
[BlackTitle "GM"]
[WhiteElo "2424"]
[BlackElo "2598"]
[WhiteFideId "5078776"]
[BlackFideId "4122763"]
[EventDate "2018.04.02"]

1. d4 d5 2. c4 c6 3. Nf3 Nf6 4. Nc3 a6 5. Qc2 g6 6. e4 Nxe4 7. Nxe4 dxe4 8. Qxe4
Bg7 9. Be2 Nd7 10. O-O Nf6 11. Qh4 Bg4 12. Be3 O-O 13. h3 Bxf3 14. Bxf3 Nd7 15.
Rad1 e6 16. Qe4 Qa5 17. Qc2 Rfe8 18. b4 Qc7 19. Qb3 Rad8 20. a4 Nb6 21. a5 Nc8
22. d5 cxd5 23. cxd5 e5 24. Bg4 Bf8 25. Rc1 Qb8 26. b5 axb5 27. Bxc8 Rxc8 28.
Qxb5 Bd6 29. Rxc8 Qxc8 30. Rc1 Qa8 31. Qb6 Rd8 32. Bg5 Rd7 33. Qb5 Qe8 34. a6
bxa6 35. Qxa6 Kg7 36. Rc8 Ra7 37. Bf6+ Kh6 38. Qxd6 Qxc8 39. Qxe5 Qc1+ 40. Kh2
g5 41. Bg7+ Kh5 42. g4+ 1-0

[Event "20th Dubai Open 2018"]
[Site "Dubai UAE"]
[Date "2018.04.07"]
[Round "6.15"]
[White "Sundararajan, Kidambi"]
[Black "Can, Emre"]
[Result "0-1"]
[WhiteTitle "GM"]
[BlackTitle "GM"]
[WhiteElo "2436"]
[BlackElo "2590"]
[WhiteFideId "5005370"]
[BlackFideId "6302181"]
[EventDate "2018.04.02"]

1. d4 Nf6 2. c4 c5 3. d5 e6 4. Nc3 exd5 5. cxd5 d6 6. Nf3 g6 7. Nd2 Bg7 8. e4
O-O 9. Be2 Ne8 10. O-O f5 11. exf5 Bxf5 12. Nde4 Na6 13. Bg5 Nf6 14. Ng3 Bd7 15.
Qd2 Nc7 16. h4 Be8 17. h5 Qd7 18. hxg6 Bxg6 19. Bd3 b5 20. Bxg6 hxg6 21. Qd3 b4
22. Nce2 Qf7 23. Bxf6 Qxf6 24. Ne4 Qxb2 25. Nxd6 Qe5 26. Ne4 Rae8 27. N4g3 Nxd5
28. Qxg6 Re6 29. Qg4 Rff6 30. Rad1 Ne3 31. fxe3 Qxe3+ 32. Kh1 Rh6+ 33. Nh5 Rxh5+
34. Qxh5 Rh6 35. Nf4 Rxh5+ 36. Nxh5 Bd4 37. Rde1 Qg5 38. Re8+ Kh7 39. Rf7+ Kh6
40. Nf4 Qh4+ 41. Nh3 Qg4 42. Nf4 Qh4+ 43. Nh3 Kg6 44. Rf4 Qh5 45. Re6+ Kg7 46.
Re7+ Kg8 47. Rfe4 a5 48. Kh2 a4 49. g4 Qd5 50. Re8+ Kh7 51. R8e7+ Bg7 52. Kg3 a3
53. Kh4 Qxa2 54. Kh5 Qh2 55. Re3 a2 56. g5 a1=Q 57. g6+ Kg8 58. Re8+ Bf8 59. Rf3
Qh8+ 60. Kg4 Qg2+ 0-1

[Event "20th Dubai Open 2018"]
[Site "Dubai UAE"]
[Date "2018.04.07"]
[Round "6.16"]
[White "Muthaiah, AL"]
[Black "Krysa, Leandro"]
[Result "1/2-1/2"]
[BlackTitle "GM"]
[WhiteElo "2372"]
[BlackElo "2543"]
[WhiteFideId "5092442"]
[BlackFideId "116807"]
[EventDate "2018.04.02"]

1. Nf3 d5 2. g3 g6 3. Bg2 Bg7 4. c4 dxc4 5. Qa4+ Nc6 6. Qxc4 e5 7. d3 Nge7 8.
O-O O-O 9. a3 Nd4 10. Nxd4 exd4 11. Nd2 Be6 12. Qc2 Bd5 13. b4 a5 14. Bb2 Re8
15. Nf3 axb4 16. axb4 Qd6 17. b5 c6 18. bxc6 Nxc6 19. Rxa8 Rxa8 20. Ra1 Rxa1+
21. Bxa1 b5 22. Nd2 Bxg2 23. Kxg2 Qd5+ 24. Kg1 h6 25. Bb2 Kh7 26. Qb3 Qxb3 27.
Nxb3 f5 28. Kf1 g5 29. h3 Kg6 30. g4 Be5 31. Kg2 Kf6 32. e3 dxe3 33. d4 Nxd4 34.
Nxd4 e2 35. Bc3 e1=Q 36. Bxe1 Bxd4 37. Bb4 Kg6 38. f3 Kf7 39. Kf1 Bf6 40. Ke2
Be7 41. Bd2 b4 42. Kd3 Ke6 43. Kc4 Ke5 44. Bc1 Bd6 45. Be3 Ke6 46. Bd4 Bf8 47.
Bb2 Kf7 48. gxf5 Bg7 49. Bc1 Bc3 50. f4 Kf6 51. fxg5+ hxg5 52. Be3 Kxf5 53. Bc1
Kg6 54. Be3 Kh5 55. Bc1 Kh4 56. Be3 Be1 57. Bc1 Bc3 58. Be3 Be5 59. Bxg5+ Kxh3
60. Kxb4 1/2-1/2

[Event "20th Dubai Open 2018"]
[Site "Dubai UAE"]
[Date "2018.04.07"]
[Round "6.17"]
[White "Ghaem Maghami, Ehsan"]
[Black "Saravana, Krishnan P."]
[Result "1/2-1/2"]
[WhiteTitle "GM"]
[WhiteElo "2523"]
[BlackElo "2312"]
[WhiteFideId "12500739"]
[BlackFideId "5018382"]
[EventDate "2018.04.02"]

1. d4 d5 2. Nf3 Nf6 3. c4 c6 4. e3 Bf5 5. Nc3 e6 6. Nh4 Be4 7. f3 Bg6 8. Qb3 Qb6
9. Nxg6 hxg6 10. Bd2 Nbd7 11. O-O-O Bd6 12. h3 Qxb3 13. axb3 a6 14. g4 b5 15.
Kc2 Be7 16. Ra1 O-O 17. c5 a5 18. Bd3 Rfb8 19. Ne2 e5 20. Ng3 Bd8 21. g5 Ne8 22.
h4 Nf8 23. dxe5 Ne6 24. h5 gxh5 25. Rxh5 g6 26. Rh2 N8g7 27. f4 Kf8 28. Rh8+ Ke7
29. Rh7 Bc7 30. Ne2 Rg8 31. b4 axb4 32. Rxa8 b3+ 33. Kxb3 Rxa8 34. Kc2 Ra1 35.
e4 dxe4 36. Bxe4 Kd7 37. b4 Rf1 38. Be3 Bd8 39. Bg2 Ra1 40. Bh3 Ke7 41. Bg2 Nf5
42. Bc1 Ra4 43. Kc3 Ra2 44. Bf3 Bc7 45. Bg4 Nf8 46. Rh1 Ne6 47. Bxf5 Rxe2 48.
Bxe6 Kxe6 49. Rh8 Re4 50. Bd2 Re2 51. Kd3 Rg2 52. Rc8 Kd7 53. Rf8 Ke7 54. Rc8
Kd7 55. e6+ fxe6 56. Rg8 e5 57. Rg7+ Kc8 58. Rxg6 exf4 59. Rxc6 Kd7 60. Rf6 Be5
61. c6+ Kc7 62. Rf5 Bd6 63. Rxb5 Kxc6 64. Rf5 Kd7 65. b5 Ke6 66. Rf6+ Kd5 67. g6
Rg3+ 68. Ke2 Rg2+ 69. Ke1 f3 70. Bc3 Bc5 71. Rxf3 Rxg6 72. Ke2 Kc4 73. Rh3 Kxb5
74. Kd3 Re6 75. Rh5 Re3+ 76. Kc2 Re4 77. Kb3 Rg4 78. Be5 Kc6 79. Kc3 Re4 80. Kd3
Rg4 81. Rh6+ Kd5 82. Rh5 Kc6 83. Rf5 Ra4 1/2-1/2

[Event "20th Dubai Open 2018"]
[Site "Dubai UAE"]
[Date "2018.04.07"]
[Round "6.18"]
[White "Arjun, Kalyan"]
[Black "Vishnu Prasanna, V"]
[Result "0-1"]
[BlackTitle "GM"]
[WhiteElo "2397"]
[BlackElo "2510"]
[WhiteFideId "35018701"]
[BlackFideId "5030692"]
[EventDate "2018.04.02"]

1. e4 e5 2. Nf3 Nc6 3. Bb5 a6 4. Ba4 Nf6 5. O-O Be7 6. Re1 d6 7. c3 Bg4 8. d3
Nd7 9. h3 Bh5 10. Nbd2 Nc5 11. Bc2 Ne6 12. Nf1 Ng5 13. Bxg5 Bxg5 14. Ng3 Bxf3
15. Qxf3 O-O 16. Rad1 g6 17. d4 Qe7 18. Ba4 Bh6 19. Bxc6 bxc6 20. dxe5 Qxe5 21.
Ne2 Qa5 22. Ra1 Qb6 23. b3 Bg7 24. Qd3 a5 25. Nd4 a4 26. Qc4 c5 27. Ne2 Qa6 28.
Qxa6 Rxa6 29. Rab1 Rb8 30. bxa4 Rc8 31. Nf4 Bxc3 32. Red1 c6 33. Ne2 Bg7 34.
Rxd6 Rxa4 35. Nc1 Rxe4 36. Nb3 Rb4 37. Rc1 c4 38. Na5 c3 39. Nxc6 Rb7 40. Nd4
Bh6 41. Rf1 c2 42. Nxc2 Rxc2 43. a4 Ra2 0-1

[Event "20th Dubai Open 2018"]
[Site "Dubai UAE"]
[Date "2018.04.07"]
[Round "6.19"]
[White "Akopian, Vladimir"]
[Black "Pranav, V"]
[Result "1-0"]
[WhiteTitle "GM"]
[WhiteElo "2667"]
[BlackElo "2366"]
[WhiteFideId "13300032"]
[BlackFideId "25060783"]
[EventDate "2018.04.02"]

1. e4 e5 2. Nf3 Nc6 3. Bc4 Nf6 4. d3 Be7 5. O-O O-O 6. Re1 d6 7. a3 Na5 8. Ba2
c5 9. b4 Nc6 10. bxc5 dxc5 11. h3 Qc7 12. Nc3 Nd4 13. Bg5 Be6 14. Bxf6 Bxf6 15.
Nd5 Bxd5 16. Bxd5 Rae8 17. a4 b6 18. c3 Ne6 19. g3 Qd7 20. Kg2 Nc7 21. c4 a5 22.
Rb1 Rb8 23. Nh2 g6 24. h4 h5 25. g4 Nxd5 26. exd5 Bxh4 27. gxh5 Qf5 28. Qf3 Rfe8
29. hxg6 fxg6 30. Qxf5 gxf5 31. Nf1 Kf7 32. Ne3 Kf6 33. Rb2 Red8 34. Reb1 Rd6
35. Kf3 e4+ 36. dxe4 fxe4+ 37. Kxe4 Re8+ 38. Kd3 Rb8 39. Rh1 Rh8 40. f4 Kf7 41.
Nf5 Rf6 42. Rxh4 Rxh4 43. Nxh4 Rxf4 44. Ng2 Rg4 45. Ne3 Rd4+ 46. Kc3 Re4 47. Nc2
Rh4 48. Rxb6 Ke7 49. Rc6 Rh3+ 50. Kb2 Rh4 51. Rxc5 Kd6 52. Rc6+ Kd7 53. Kc3 Rh3+
54. Kd4 Rh4+ 55. Kc5 Rh2 56. Nd4 Ra2 57. Kb5 Rd2 58. Ne6 Re2 59. Kxa5 Rb2 60.
Nc5+ Kd8 61. d6 Rc2 62. d7 Ke7 63. Re6+ Kd8 64. Re8+ Kc7 65. d8=Q+ Kc6 66. Qb6# 1-0

[Event "20th Dubai Open 2018"]
[Site "Dubai UAE"]
[Date "2018.04.07"]
[Round "6.20"]
[White "Mareco, Sandro"]
[Black "Padmini, Rout"]
[Result "1-0"]
[WhiteTitle "GM"]
[BlackTitle "IM"]
[WhiteElo "2645"]
[BlackElo "2360"]
[WhiteFideId "112275"]
[BlackFideId "5029295"]
[EventDate "2018.04.02"]

1. c4 e5 2. Nc3 Nf6 3. Nf3 Nc6 4. e3 Bb4 5. Qc2 Bxc3 6. bxc3 d6 7. e4 O-O 8. g3
Kh8 9. Bg2 Ng8 10. Nh4 Nge7 11. d3 f5 12. exf5 Nxf5 13. Nf3 Qe8 14. Qe2 Nfe7 15.
h3 Rb8 16. O-O b6 17. Ng5 h6 18. Ne4 Ng6 19. Be3 Nce7 20. Kh2 Ng8 21. Qd2 Nf6
22. f3 Bb7 23. Rfe1 Qd7 24. Rad1 Qf7 25. Qc2 Bc6 26. Bg1 Nh5 27. Bf2 Rbe8 28.
Nd2 Nf6 29. Re2 Nh7 30. Rde1 Ng5 31. Re3 Bd7 32. d4 Nh7 33. Bf1 Bf5 34. Qa4 c5
35. Qd1 Rd8 36. Nb3 Be6 37. Nd2 Bc8 38. Qa1 Ne7 39. Bg2 Ng6 40. a4 Bf5 41. a5
bxa5 42. Qxa5 Rb8 43. Qa3 Rfc8 44. Ra1 Rc7 45. Ree1 cxd4 46. cxd4 Rcb7 47. Qxd6
Rb2 48. dxe5 Qe8 49. Qd4 Qd8 50. Nf1 Ng5 51. Qxd8+ Rxd8 52. Kg1 Nxh3+ 53. Bxh3
Bxh3 54. f4 Ne7 55. Red1 Rc8 56. Rd2 Rb7 57. c5 Nf5 58. Ne3 Nxe3 59. Bxe3 Rcb8
60. Kf2 Bg4 61. Ra6 Rb1 62. c6 Rh1 63. c7 Rbb1 64. c8=Q+ Bxc8 65. Rd8+ Kh7 66.
Rxc8 Rb2+ 67. Kf3 Rf1+ 68. Ke4 1-0

[Event "20th Dubai Open 2018"]
[Site "Dubai UAE"]
[Date "2018.04.07"]
[Round "6.21"]
[White "Pantsulaia, Levan"]
[Black "Sadhwani, Raunak"]
[Result "1/2-1/2"]
[WhiteTitle "GM"]
[BlackTitle "FM"]
[WhiteElo "2592"]
[BlackElo "2358"]
[WhiteFideId "13602071"]
[BlackFideId "35093487"]
[EventDate "2018.04.02"]

1. Nf3 Nf6 2. g3 d5 3. Bg2 e6 4. O-O Be7 5. c4 O-O 6. b3 b6 7. cxd5 Nxd5 8. d4
Bb7 9. Bb2 c5 10. Na3 cxd4 11. Nxd4 Nc6 12. Nc4 Nxd4 13. Qxd4 Bf6 14. Qd2 Bxb2
15. Qxb2 Qe7 16. Rfd1 Rfd8 17. Rd4 Nf6 18. Bxb7 Qxb7 19. Nd6 Qe7 20. Rad1 Ne8
21. Nc4 Nf6 22. R1d2 h6 23. e4 Rxd4 24. Qxd4 Rc8 25. Kg2 Kh7 26. Rd3 Qc5 27.
Qxc5 Rxc5 28. Kf3 Rc7 29. Ne5 g6 30. Rd4 Rc3+ 31. Rd3 Rc7 32. Ke3 Kg7 33. f3 Rc5
34. Kd4 Rc1 35. Rc3 Rd1+ 36. Ke3 Nd7 37. Nd3 Kf8 38. Rc7 Ke8 39. Rxa7 h5 40. Rc7
Rh1 41. Rc2 Ke7 42. a4 Rb1 43. Rb2 Ra1 44. Kd4 Kd6 45. e5+ Kc7 46. f4 Kb7 47.
Kc4 Nb8 48. Nf2 Re1 49. Nh3 Nd7 50. Rd2 Nc5 51. Rc2 Re4+ 52. Kc3 Re3+ 53. Kd2
Rxb3 54. Ng5 Rd3+ 55. Ke2 Rd7 56. Rd2 Rc7 57. Rd8 Nxa4 58. Rf8 Nc5 59. Nxf7 Kc6
60. Nd6 Ra7 61. Rc8+ Kd5 62. Rb8 Ra2+ 63. Kf3 Kc6 64. Nc4 Kc7 65. Rg8 Rxh2 66.
Rxg6 b5 67. Nd6 b4 68. Rg8 Kc6 69. Ne4 Nxe4 70. Kxe4 b3 71. Rb8 b2 72. f5 1/2-1/2

[Event "20th Dubai Open 2018"]
[Site "Dubai UAE"]
[Date "2018.04.07"]
[Round "6.22"]
[White "Debashis, Das"]
[Black "Urazayev, Arystanbek"]
[Result "1-0"]
[WhiteTitle "GM"]
[BlackTitle "CM"]
[WhiteElo "2518"]
[BlackElo "2331"]
[WhiteFideId "5024854"]
[BlackFideId "13709810"]
[EventDate "2018.04.02"]

1. d4 Nf6 2. c4 g6 3. Nf3 Bg7 4. Nc3 O-O 5. e4 d6 6. Be2 e5 7. O-O Nc6 8. d5 Ne7
9. Bd2 Ne8 10. Rc1 h6 11. Re1 f5 12. Bd3 f4 13. c5 g5 14. cxd6 cxd6 15. h3 Ng6
16. Be2 Rf7 17. a4 Bf8 18. Nh2 Nf6 19. Nb5 a6 20. Na3 Nh4 21. Nc4 f3 22. Nxf3
Nxe4 23. Be3 Rg7 24. Nh2 Bf5 25. Bg4 Nf6 26. g3 h5 27. Bxh5 Bxh3 28. Ng4 Bxg4
29. Bxg4 Nxg4 30. Qxg4 Qc8 31. Qxc8 Nf3+ 32. Kf1 Rxc8 33. Red1 Rgc7 34. Nb6 Rxc1
35. Rxc1 Rxc1+ 36. Bxc1 Kf7 37. Ke2 g4 38. Nc4 Kg6 39. Kd3 Be7 40. b4 Nd4 41.
Bd2 b5 42. axb5 Nxb5 43. Ne3 Kh5 44. Nc4 Kg6 45. Ke4 Bd8 46. Kd3 Be7 47. Bc1 Bd8
48. Be3 Kf5 49. Bh6 Kg6 50. Bd2 Be7 51. Na5 Bd8 52. Nc6 Bc7 53. Be3 Kf5 54. Ne7+
Kf6 55. Ng8+ Kg6 56. Nh6 Kh5 57. Ke4 Nc3+ 58. Kf5 Nxd5 59. Ng8 Nxe3+ 60. fxe3
Bd8 61. Nf6+ Kh6 62. Nxg4+ Kg7 63. e4 a5 64. bxa5 Bxa5 65. Nf6 Kf7 66. g4 Bb4
67. g5 Ba3 68. g6+ Kf8 69. Nh7+ Kg7 70. Ng5 Bc1 71. Ne6+ Kg8 72. Kf6 Bb2 73. Ng7
Bc1 74. Nf5 Kh8 75. Kf7 1-0

[Event "20th Dubai Open 2018"]
[Site "Dubai UAE"]
[Date "2018.04.07"]
[Round "6.23"]
[White "Gagare, Shardul"]
[Black "Kulkarni, Bhakti"]
[Result "1-0"]
[WhiteTitle "GM"]
[BlackTitle "CM"]
[WhiteElo "2502"]
[BlackElo "2317"]
[WhiteFideId "5037883"]
[BlackFideId "5019516"]
[EventDate "2018.04.02"]

1. Nf3 d5 2. c4 e6 3. d4 Nf6 4. Nc3 Be7 5. Bf4 O-O 6. a3 b6 7. Qc2 c5 8. Rd1 Nc6
9. dxc5 bxc5 10. e3 Qa5 11. cxd5 Nxd5 12. Bd3 h6 13. Ne5 Nxf4 14. Nxc6 Nxd3+ 15.
Qxd3 Qc7 16. Nxe7+ Qxe7 17. O-O a5 18. Qd6 Qxd6 19. Rxd6 Rb8 20. Na4 Bb7 21.
Nxc5 Bd5 22. Nd7 Rfd8 23. Rd1 Rxd7 24. Rxd7 Rxb2 25. Ra7 Bb3 26. Rd8+ Kh7 27. h3 1-0

[Event "20th Dubai Open 2018"]
[Site "Dubai UAE"]
[Date "2018.04.07"]
[Round "6.24"]
[White "Deepan, Chakkravarthy J."]
[Black "Nikolova, Adriana"]
[Result "1-0"]
[WhiteTitle "GM"]
[BlackTitle "WGM"]
[WhiteElo "2499"]
[BlackElo "2308"]
[WhiteFideId "5011132"]
[BlackFideId "2908689"]
[EventDate "2018.04.02"]

1. Nf3 d5 2. g3 Nf6 3. Bg2 Bf5 4. O-O e6 5. d3 h6 6. c4 Nbd7 7. Nc3 Bh7 8. cxd5
exd5 9. e4 dxe4 10. dxe4 Nc5 11. Nd4 Be7 12. e5 Nfe4 13. Nxe4 Bxe4 14. Bxe4 Nxe4
15. Qa4+ Qd7 16. Qxd7+ Kxd7 17. Rd1 Kc8 18. Be3 g6 19. Rac1 a6 20. h4 b6 21. e6
fxe6 22. Nxe6 c5 23. b4 Ra7 24. bxc5 Nxc5 25. Nxc5 Bxc5 26. Bxc5 bxc5 27. Rxc5+
Rc7 28. Rdc1 Rxc5 29. Rxc5+ Kd7 30. Ra5 Ra8 31. h5 g5 32. Kg2 Ke6 33. Kh3 Ra7
34. Kg4 Ra8 35. Ra3 a5 36. Rb3 Ra6 37. Rb7 Rc6 38. Ra7 Rc4+ 39. Kh3 Ra4 40. Ra6+
Kf7 41. Rxh6 g4+ 42. Kh4 Rxa2 43. Ra6 Rxf2 44. Rxa5 Kg7 45. Kxg4 Rg2 46. Ra7+
Kh6 47. Ra6+ Kh7 48. Kh4 Rb2 49. g4 Rb7 50. Ra4 Rc7 51. g5 Rb7 52. Kg4 Rc7 53.
h6 Rc1 54. Ra7+ Kh8 55. Kh5 Rc5 56. Re7 Ra5 57. Kg6 Ra6+ 58. Kf5 Ra1 59. Kf6
Rf1+ 60. Kg6 Rf8 61. Re5 Kg8 62. Ra5 Rb8 63. Kh5 Rb1 64. Ra8+ Kf7 65. g6+ Kf6
66. Rf8+ Ke7 67. g7 1-0

[Event "20th Dubai Open 2018"]
[Site "Dubai UAE"]
[Date "2018.04.07"]
[Round "6.25"]
[White "Christiansen, Johan-Sebastian"]
[Black "Hejazipour, Mitra"]
[Result "1-0"]
[WhiteTitle "IM"]
[BlackTitle "WGM"]
[WhiteElo "2498"]
[BlackElo "2304"]
[WhiteFideId "1512668"]
[BlackFideId "12505951"]
[EventDate "2018.04.02"]

1. c4 e5 2. g3 d6 3. Nc3 f5 4. d4 Be7 5. Bg2 Nf6 6. Nf3 e4 7. Ng5 O-O 8. O-O c6
9. Nh3 Na6 10. Rb1 Nc7 11. Qb3 Kh8 12. d5 c5 13. f3 exf3 14. exf3 Rb8 15. a4 b6
16. Nb5 a6 17. Nxc7 Qxc7 18. Re1 b5 19. Bf1 Bd8 20. Nf4 bxc4 21. Qc2 c3 22. b3
Qa7 23. Qxc3 Bb6 24. Bc4 Bd7 25. Bb2 Qc7 26. Re7 Ba5 27. Qe3 Qd8 28. Rd1 Rb6 29.
h4 Re8 30. Rxe8+ Qxe8 31. Qd3 Nh5 32. Ne6 Qg6 33. g4 Bxe6 34. dxe6 Ng3 35. Kh2
d5 36. Qxd5 Rb8 37. Kxg3 fxg4 38. Qg5 Bc7+ 39. Kxg4 1-0

[Event "20th Dubai Open 2018"]
[Site "Dubai UAE"]
[Date "2018.04.07"]
[Round "6.26"]
[White "Risting, Eivind Olav"]
[Black "Karthikeyan, P."]
[Result "1/2-1/2"]
[WhiteTitle "FM"]
[BlackTitle "IM"]
[WhiteElo "2303"]
[BlackElo "2481"]
[WhiteFideId "1517333"]
[BlackFideId "5018226"]
[EventDate "2018.04.02"]

1. d4 d5 2. c4 e6 3. Nc3 Bb4 4. Nf3 Ne7 5. e3 c5 6. cxd5 exd5 7. Be2 c4 8. O-O
O-O 9. a3 Ba5 10. b4 Bc7 11. a4 a5 12. b5 Bd6 13. e4 Be6 14. Ng5 Bb4 15. Nxd5
Nxd5 16. exd5 Bxd5 17. Bxc4 h6 18. Bxd5 Qxd5 19. Nf3 Nd7 20. Be3 Rfe8 21. Qb1
Nb6 22. Rc1 Rac8 23. h3 Rxc1+ 24. Qxc1 1/2-1/2

[Event "20th Dubai Open 2018"]
[Site "Dubai UAE"]
[Date "2018.04.07"]
[Round "6.27"]
[White "Darini, Pouria"]
[Black "Dhulipalla, Bala Chandra Prasad"]
[Result "0-1"]
[WhiteTitle "GM"]
[BlackTitle "IM"]
[WhiteElo "2478"]
[BlackElo "2294"]
[WhiteFideId "12502200"]
[BlackFideId "25005812"]
[EventDate "2018.04.02"]

1. e4 e5 2. Nc3 Nf6 3. g3 d5 4. exd5 Nxd5 5. Bg2 Nxc3 6. bxc3 Nc6 7. Nf3 Bc5 8.
O-O O-O 9. d3 Bb6 10. a4 Re8 11. Rb1 f6 12. Nd2 Be6 13. Ba3 Qd7 14. Nb3 Na5 15.
Nxa5 Bxa5 16. Bxb7 Rab8 17. Qf3 Qxa4 18. Bb4 Bb6 19. Bc6 Qxc2 20. Rbc1 Qd2 21.
Bxe8 Rxe8 22. Rcd1 Qb2 23. Rb1 Qc2 24. Rbc1 Qd2 25. Rcd1 Qb2 26. Ra1 Rd8 27. Ba5
Bd5 28. Qf5 g6 29. Qxf6 Rf8 30. Rab1 Qe2 0-1

[Event "20th Dubai Open 2018"]
[Site "Dubai UAE"]
[Date "2018.04.07"]
[Round "6.28"]
[White "Sharma, Dinesh K."]
[Black "Karthik, Venkataraman"]
[Result "1-0"]
[WhiteTitle "IM"]
[BlackTitle "FM"]
[WhiteElo "2261"]
[BlackElo "2470"]
[WhiteFideId "5004110"]
[BlackFideId "25006479"]
[EventDate "2018.04.02"]

1. e4 c5 2. Nf3 d6 3. Bc4 Nf6 4. d3 Nc6 5. c3 e6 6. Bb3 Be7 7. O-O O-O 8. Re1 e5
9. Nbd2 h6 10. Nf1 Be6 11. Bc2 Rc8 12. Ne3 Re8 13. d4 cxd4 14. cxd4 exd4 15.
Nxd4 Nxd4 16. Qxd4 a6 17. Qd1 Qb6 18. Ba4 Nxe4 19. Bxe8 Rxe8 20. Qa4 Nf6 21. Nd1
d5 22. Be3 Bc5 23. Bxc5 Qxc5 24. Nc3 Rd8 25. Rad1 d4 26. Ne4 Nxe4 27. Rxe4 d3
28. h3 Kh7 29. Rd2 Bxh3 30. Re3 Bf5 31. Re1 Bg6 32. a3 Rd4 33. Qd1 Qd6 34. Qf3
Qd7 35. Qe3 Rd5 36. Qe8 Qg4 37. Qb8 Rg5 38. Qxb7 Qh4 39. Re3 Rh5 40. Rh3 Qg5 41.
Re3 Bf5 42. Qe7 Qf4 43. Qe5 Qh4 44. f4 Bg6 45. Rh3 Rxe5 46. Rxh4 Re1+ 47. Kf2
Rb1 48. Ke3 Re1+ 49. Kf2 Rc1 50. g4 Be4 51. Ke3 f5 52. g5 Kg6 53. gxh6 gxh6 54.
Rdh2 a5 55. Rxh6+ Kg7 56. Rh7+ Kg8 57. Ra7 Re1+ 58. Kd2 Rb1 59. Kc3 Rc1+ 60. Kd4
Re1 61. Rd2 Rf1 62. Ke5 Re1 63. Kf6 Re2 64. Rg7+ Kf8 65. Rxe2 dxe2 66. Rg1 Ke8
67. Re1 Bd3 68. Ke6 a4 69. Kd6 Kf7 70. Ke5 Kg6 71. Kd4 Ba6 72. Rg1+ Kh5 73. Ke3
Kh4 74. Kf3 Kh5 75. Kf2 Kh4 76. Rg6 Bb5 77. Rb6 Bd3 78. Rb4 Kg4 79. Rxa4 Be4 80.
Rxe4 fxe4 81. Kxe2 Kxf4 82. a4 Ke5 83. Ke3 Kd5 84. b4 Kc4 85. a5 Kd5 86. a6 Kc6
87. Kxe4 Kb6 88. b5 1-0

[Event "20th Dubai Open 2018"]
[Site "Dubai UAE"]
[Date "2018.04.07"]
[Round "6.29"]
[White "Chakravarthi Reddy, M"]
[Black "Nyazi, Nehad"]
[Result "1-0"]
[WhiteTitle "IM"]
[WhiteElo "2442"]
[BlackElo "2213"]
[WhiteFideId "25009532"]
[BlackFideId "10601988"]
[EventDate "2018.04.02"]

1. d4 Nf6 2. c4 g6 3. g3 Bg7 4. Bg2 O-O 5. Nc3 c5 6. d5 d6 7. Nf3 a6 8. O-O b5
9. cxb5 axb5 10. Nxb5 Ba6 11. Nc3 Nbd7 12. Qc2 Qa5 13. Bd2 Rfb8 14. Rfd1 Qd8 15.
Rab1 Nb6 16. e4 Nc4 17. Be1 Ng4 18. a4 Qb6 19. h3 Nge5 20. Nxe5 Bxe5 21. Nb5
Nxb2 22. Rxb2 Bxb2 23. Qxb2 Bxb5 24. axb5 Qxb5 25. Qxb5 Rxb5 26. e5 Rb3 27. Kf1
Ra2 28. exd6 exd6 29. Be4 c4 30. Rc1 f5 31. Bc2 Rb5 32. Bd1 Rxd5 33. Be2 Rxe2
34. Kxe2 Rd4 35. Bd2 d5 36. Be3 Rd3 37. Rd1 d4 38. Bxd4 1-0

[Event "20th Dubai Open 2018"]
[Site "Dubai UAE"]
[Date "2018.04.07"]
[Round "6.30"]
[White "Ranaldi, Lucas"]
[Black "Laxman, R.R."]
[Result "1/2-1/2"]
[WhiteTitle "FM"]
[BlackTitle "GM"]
[WhiteElo "2226"]
[BlackElo "2441"]
[WhiteFideId "1519484"]
[BlackFideId "5005361"]
[EventDate "2018.04.02"]

1. Nf3 Nf6 2. c4 e6 3. g3 d5 4. b3 a5 5. Nc3 d4 6. Nb5 Nc6 7. Bb2 e5 8. Bg2 Bc5
9. e3 O-O 10. O-O Bf5 11. exd4 exd4 12. d3 Qd7 13. a3 Rae8 14. Qd2 Ng4 15. Nh4
Be6 16. Rad1 f6 17. h3 Nh6 18. Kh2 Nf5 19. Nf3 Ne5 20. b4 Nxf3+ 21. Bxf3 Be7 22.
Rfe1 Bd8 23. Rxe6 Rxe6 24. Bd5 c6 25. Bxe6+ Qxe6 26. Nxd4 Nxd4 27. Bxd4 axb4 28.
axb4 Bc7 29. Bc3 h5 30. Re1 Qd7 31. h4 Rd8 32. Re3 Qg4 33. Re4 Qf3 34. Re3 Qg4
35. Re7 Bd6 36. Re4 Qf5 37. Qe2 Kf7 38. Kg2 b5 39. Qf3 Qxf3+ 40. Kxf3 Be7 41.
Ke2 Ra8 42. cxb5 cxb5 43. Kd1 Ra3 44. Kc2 Ra2+ 45. Bb2 f5 46. Re2 Ra4 47. Bc3
Bxb4 48. Bxb4 Rxb4 49. Kc3 Rb1 50. f4 g6 51. Re3 Kf6 52. Kc2 Ra1 53. Kb2 Ra6 54.
Re5 b4 55. d4 Ra3 56. Rb5 Rxg3 57. Rb6+ Ke7 58. Rxb4 Rg4 59. Rb7+ Ke6 60. Kc3
Rxf4 61. Rb6+ Kf7 62. Rb7+ Kf6 63. Rb6+ Kg7 64. Rb7+ Kh6 65. d5 Rxh4 66. d6 Rh1
67. Kd4 Kg5 68. d7 Rd1+ 69. Ke5 h4 70. Ke6 h3 71. Rb8 Kg4 72. d8=Q Rxd8 73. Rxd8
h2 74. Rh8 Kg3 75. Rh6 f4 76. Rxg6+ Kf2 77. Rh6 Kg2 78. Rg6+ Kh1 79. Ke5 f3 80.
Rf6 Kg1 81. Rg6+ 1/2-1/2

[Event "20th Dubai Open 2018"]
[Site "Dubai UAE"]
[Date "2018.04.07"]
[Round "6.31"]
[White "Haria, Ravi"]
[Black "Berezina, Irina"]
[Result "1-0"]
[WhiteTitle "IM"]
[BlackTitle "IM"]
[WhiteElo "2441"]
[BlackElo "2082"]
[WhiteFideId "415820"]
[BlackFideId "3201937"]
[EventDate "2018.04.02"]

1. Nf3 Nf6 2. g3 g6 3. Bg2 Bg7 4. O-O O-O 5. d4 d6 6. c4 Nc6 7. Nc3 a6 8. Qc2
Bg4 9. Rd1 Qc8 10. b3 e5 11. dxe5 dxe5 12. Bg5 Bf5 13. Qc1 Re8 14. Ne1 e4 15.
Nc2 Ng4 16. Nd5 f6 17. Bd2 Nge5 18. Bc3 Ne7 19. Nde3 c6 20. Qb2 Bh6 21. Rd6 Nf7
22. Rd2 Ne5 23. Rad1 Qc7 24. c5 a5 25. Rd6 Nd5 26. Nxd5 cxd5 27. Nd4 Bf8 28.
Nxf5 gxf5 29. Rxf6 Bg7 30. Rd6 Qxc5 31. R1xd5 Nd3 32. Rxc5 Nxb2 33. Bxg7 Kxg7
34. Rc2 1-0

[Event "20th Dubai Open 2018"]
[Site "Dubai UAE"]
[Date "2018.04.07"]
[Round "6.32"]
[White "Viani, Antonio Dcunha"]
[Black "Priyanka, Nutakki"]
[Result "0-1"]
[WhiteTitle "IM"]
[WhiteElo "2435"]
[BlackElo "1957"]
[WhiteFideId "5027330"]
[BlackFideId "25049615"]
[EventDate "2018.04.02"]

1. e4 e6 2. d4 d5 3. Nd2 Nf6 4. e5 Nfd7 5. f4 c5 6. Ndf3 Nc6 7. Ne2 Qb6 8. c3 f6
9. f5 cxd4 10. fxe6 Ndxe5 11. Nexd4 Nxf3+ 12. Nxf3 Bxe6 13. Qe2 Kd7 14. b4 Re8
15. Be3 Qc7 16. Qd2 Bd6 17. Bb5 a6 18. Ba4 b5 19. Bc2 Ne5 20. O-O Nxf3+ 21. gxf3
Rc8 22. Bd4 Bxb4 23. cxb4 Qxc2 24. Qe3 Bh3 25. Rf2 Qg6+ 26. Kh1 Rhe8 27. Qd2 Qf5
28. Bc5 Re5 29. a4 bxa4 30. Qd1 Rc6 31. Qxa4 Qd3 32. Rg1 Rg5 33. Rd1 Qc4 34. Rc2
Qf4 35. Qb3 Qe5 36. Rcd2 Be6 37. Qd3 Qf5 38. Qf1 Rh5 39. Ra1 Qf4 40. Qf2 Rh3 41.
Rd3 Qe5 42. Rda3 Qf4 43. Rd1 g5 44. Kg1 g4 45. Rdd3 g3 46. hxg3 Rxg3+ 47. Kf1
Bh3+ 48. Ke1 Qc1+ 49. Rd1 Re6+ 50. Re3 Qc3+ 51. Ke2 Rxe3+ 52. Qxe3 Rg2+ 53. Kf1
Rd2+ 54. Ke1 Rd3+ 0-1